| 000 | 00658nam a2200217Ia 4500 | ||
|---|---|---|---|
| 003 | BUBTL | ||
| 008 | 151213s9999 xx 000 0 und d | ||
| 020 | _a9781447400763 | ||
| 082 | _a667.1/ M3521i/ 1951 | ||
| 100 |
_aMarsh, J.T. _94605 |
||
| 245 |
_aAn Introduction to Textile Bleaching / _cJ.T. Marsh |
||
| 250 | _a3rd Edn. | ||
| 260 |
_aLondon: _bChapman & Hall Ltd., _cc1951 |
||
| 300 |
_axiii,512 p.: _c20 cm. _bills.; |
||
| 500 | _aIncludes Index | ||
| 505 | _aTextile Bleaching, bleaching. J.T. Marsh | ||
| 650 | 0 |
_aTextile Engineering _9909 |
|
| 856 |
_k0 _l0 _yDownload |
||
| 942 |
_2ddc _cBK |
||
| 999 |
_c6723 _d6723 |
||